La France, l'aide amaericaine et la construction europeenne : 1944-1954 / (رقم التسجيلة. 147902)

تفاصيل مارك
000 -LEADER
fixed length control field 00917nam a22002655a 4500
008 - FIXED-LENGTH DATA ELEMENTS--GENERAL INFORMATION
fixed length control field 950208s1992 fr 000 0 fre
010 ## - LIBRARY OF CONGRESS CONTROL NUMBER
LC control number 95114280
020 ## - INTERNATIONAL STANDARD BOOK NUMBER
International Standard Book Number 2110812257 :
Terms of availability 399F
040 ## - CATALOGING SOURCE
Original cataloging agency DLC
Transcribing agency DLC
043 ## - GEOGRAPHIC AREA CODE
Geographic area code e-fr---
050 00 - LIBRARY OF CONGRESS CALL NUMBER
Classification number ACQUISITION IN PROCESS
092 04 - LOCALLY ASSIGNED DEWEY CALL NUMBER (OCLC)
Classification number 330.944082
Item number B746
Edition number 21
099 ## - LOCAL FREE-TEXT CALL NUMBER (OCLC)
Classification number 04
-- 330.944082 B746
100 1# - MAIN ENTRY--PERSONAL NAME
Personal name Bossuat, Gaerard.
245 13 - TITLE STATEMENT
Title La France, l'aide amaericaine et la construction europeenne : 1944-1954 /
Statement of responsibility, etc. Gaerard Bossuat ; praef. du Pr. Renae Girault ; avant-propos de Pierre Uri
260 ## - PUBLICATION, DISTRIBUTION, ETC.
Place of publication, distribution, etc. Paris :
Name of publisher, distributor, etc. Impr. nationale,
Date of publication, distribution, etc. 1992.
300 ## - PHYSICAL DESCRIPTION
Extent 2 v.,
Dimensions 24cm.
440 #0 - SERIES STATEMENT/ADDED ENTRY--TITLE
Title Histoire aeconomique et financiere de la France : aetudes gaenaerales,
Volume/sequential designation ISSN 1151-9037
651 #0 - SUBJECT ADDED ENTRY--GEOGRAPHIC NAME
Geographic name france
General subdivision Economic conditions
Chronological subdivision 1945-
902 ## - LOCAL DATA ELEMENT B, LDB (RLIN)
No. of Items 1
905 ## - LOCAL DATA ELEMENT E, LDE (RLIN)
Cataloger Eman
Reviser Rev.
905 ## - LOCAL DATA ELEMENT E, LDE (RLIN)
Cataloger Rabab
Reviser Cat.
942 ## - ADDED ENTRY ELEMENTS (KOHA)
Source of classification or shelving scheme Dewey Decimal Classification
Koha item type Books
المقتنيات
Source of classification or shelving scheme Not for loan Home library Current library Date acquired Full call number Barcode Date last seen Copy number Koha item type
Dewey Decimal Classification   المكتبة المركزبة الجديدة - جامعة القاهرة قاعة الثقاقات الاجنبية - الدور الثالث 11.02.2024 330.944082 B746 v.1 Fre. 01000110202615001 05.07.2024 C.1 Books
Dewey Decimal Classification   المكتبة المركزبة الجديدة - جامعة القاهرة قاعة الثقاقات الاجنبية - الدور الثالث 11.02.2024 330.944082 B746 v.2 Fre. 01000110202615002 05.07.2024 C.1 Books
Cairo University Libraries Portal Implemented & Customized by: Eng. M. Mohamady Contacts: new-lib@cl.cu.edu.eg | cnul@cl.cu.edu.eg
CUCL logo CNUL logo
© All rights reserved — Cairo University Libraries
CUCL logo
Implemented & Customized by: Eng. M. Mohamady Contact: new-lib@cl.cu.edu.eg © All rights reserved — New Central Library
CNUL logo
Implemented & Customized by: Eng. M. Mohamady Contact: cnul@cl.cu.edu.eg © All rights reserved — Cairo National University Library